| 000 | 00878nam a22002417a 4500 | ||
|---|---|---|---|
| 003 | OSt | ||
| 005 | 20230127082627.0 | ||
| 008 | 220916b |||||||| |||| 00| 0 eng d | ||
| 020 | _a0 87070 607 1 | ||
| 040 | _cBiblioteca Lado V | ||
| 082 |
_a708 _bM986y |
||
| 110 |
_99 _aThe Museum of Modern Art _eautor |
||
| 245 |
_aYoshio Taniguchi:/ _bNine Museums/ |
||
| 260 |
_aU.S.A. _aCanada _bArt Publishers, Inc. _c2004 |
||
| 300 |
_c26x27cm _a211p. |
||
| 490 | _aColección de monografías 3 | ||
| 505 |
_tFotografía y Realidad _tLa Iconografía del presente _tUn posible grado cero _tEl mundo maqueta |
||
| 650 |
_2Tesauro de Arte & Arquitectura _aMUSEOS |
||
| 650 |
_2Tesauro de Arte & Arquitectura _aARTE |
||
| 650 |
_2Tesauro de Arte & Arquitectura _aMOMA |
||
| 700 |
_aVelasco Facio, Hector _eFotógrafo _ecolaborador |
||
| 942 |
_2ddc _c1 _h708 _iM986y _n0 |
||
| 999 |
_c2947 _d2947 |
||